000
00320nam a2200133Ia 4500
008
191201s2012 xx 000 0 und d
082
_a
658.87
_b
SHR
100
_a
SHEIKH, Arif
245
0
_a
Retail Management
260
_a
N. Delhi
_b
Himalaya Publication House
_c
2012
300
_a
484
650
_a
BBA
942
_2
ddc
_c
BK
999
_c
5943
_d
5943